Ley General Presupuestaria
ISBN:
84-340-1346-0
Descripción Física:
731 p. ; 20 cm
Colección:
Textos legales ; 19
MARC
| LEADER | 00000nam a2200000Ia 4500 | ||
|---|---|---|---|
| 001 | 18168 | ||
| 003 | BGR | ||
| 005 | 20260324175700.0 | ||
| 008 | 160829s2002 xx 000 0 cat d | ||
| 020 | |a 84-340-1346-0 | ||
| 080 | |a D-3-111 | ||
| 100 | |a Espanya. Lleis, etc. |9 23269 | ||
| 245 | |a Ley General Presupuestaria | ||
| 250 | |a 8a ed. | ||
| 260 | |a Madrid : |b Ministerio de la Presidencia. Boletín Oficial del Estado, |c 2002 | ||
| 300 | |a 731 p. ; |c 20 cm | ||
| 490 | |a Textos legales ; 19 | ||
| 610 | 1 | 0 | |a Espanya |b Gobierno |9 58561 |x Lleis, etc. |
| 650 | 0 | |a Pressupost |z Espanya |x Dret i legislació |9 28902 | |
| 650 | |a Finances públiques |x Espanya |x Legislació |9 28704 | ||
| 650 | |a Despeses públiques |x Espanya |x Legislació |9 37732 | ||
| 730 | |0 Ley General Presupuestaria (1988) | ||
| 901 | |a Arxiu | ||
| 942 | |n 1 |2 udc |c MON | ||
| 952 | |0 1 |1 0 |2 udc |4 0 |5 2 |6 D3111 |7 1 |9 48033 |a Arxiu |b Arxiu |d 2016-12-01 |l 0 |o D-3-111 |p 18168 |r 2016-12-01 00:00:00 |w 2016-12-01 |y ARXIU | ||
| 999 | |c 51834 |d 51834 | ||